Generalfeldmarschälle der Deutschen Wehrmacht - Statistiken

Allgemein
  • Dieses Quiz wurde 24 mal gespielt
  • Das Durchschnittsergebnis liegt bei 10 aus 28
Antwortstatistiken
Ernannt Antwort % Korrekt
1942 Erwin Rommel
94%
1943 Friedrich Paulus
82%
1940 Wilhelm Keitel
71%
1942 Erich von Manstein
65%
1938 Hermann Göring
59%
1943 Karl Dönitz
53%
1940 Günther von Kluge
41%
1939 Erich Raeder
35%
1940 Erwin von Witzleben
35%
1944 Walter Model
35%
1940 Albert Kesselring
29%
1940 Erhard Milch
29%
1943 Ewald von Kleist
29%
1940 Fedor von Bock
29%
1945 Ferdinand Schörner
29%
1940 Walther von Brauchitsch
29%
1936 Werner von Blomberg
29%
1940 Wilhelm List
29%
1940 Wilhelm Ritter von Leeb
29%
1945 Robert Ritter von Greim
24%
1943 Wolfram Freiherr von Richthofen
24%
1940 Gerd von Rundstedt
18%
1940 Hugo Sperrle
18%
1943 Maximilian Reichsfreiherr von Weichs
18%
1940 Walter von Reichenau
18%
1940 Eduard Freiherr von Böhm-Ermolli
6%
1943 Ernst Busch
6%
1942 Georg von Küchler
6%
Keine übereinstimmenden Quizze gefunden
Verteilung der Resultate
Anzahl Personen mit jedem Resultat
Perzentil nach korrekt beantworteten Fragen
Ihre Resultats-Entwicklung
Sie haben dieses Quiz noch nicht gespielt